| 000 | 00406nam a22001217a 4500 | ||
|---|---|---|---|
| 999 |
_c6839 _d6839 |
||
| 008 | 200325b ||||| |||| 00| 0 eng d | ||
| 100 | _aUnited Republic of Tanzania | ||
| 245 |
_aJoint Assistance Strategy for Tanzania _cUnited Republic of Tan\zania _hEnglish |
||
| 260 |
_aDar Es Salaam _c2006 |
||
| 300 |
_aiv, 36p. _bIllustration _c27cm |
||
| 650 | _2Joint Assistance Strategy for Tazania | ||
| 942 |
_2ddc _cBOOKS |
||